Physics Part I (Record no. 298888)

MARC details
000 -LEADER
fixed length control field 00390nam a2200169Ia 4500
008 - FIXED-LENGTH DATA ELEMENTS--GENERAL INFORMATION
fixed length control field 230718s9999 xx 000 0 und d
041 ## - LANGUAGE CODE
Language code of text/sound track or separate title eng
082 ## - DEWEY DECIMAL CLASSIFICATION NUMBER
Classification number 530
Item number RES
100 ## - MAIN ENTRY--PERSONAL NAME
Personal name Resnick R.
245 ## - TITLE STATEMENT
Title Physics Part I
250 ## - EDITION STATEMENT
Edition statement 5th ed.
260 ## - PUBLICATION, DISTRIBUTION, ETC. (IMPRINT)
Date of publication, distribution, etc. 1987
Name of publisher, distributor, etc. John Wiley Pub
300 ## - PHYSICAL DESCRIPTION
Extent 710
365 ## - TRADE PRICE
Currency code Rs.
700 ## - ADDED ENTRY--PERSONAL NAME
Personal name Resnick R. & Halliday D.
906 ## - LOCAL DATA ELEMENT F, LDF (RLIN)
d B:16-Sep-2003
c PHY
Holdings
Withdrawn status Lost status Damaged status Not for loan Home library Current library Date acquired Vendor Budget Code Total Checkouts Full call number Barcode Date last seen Bill Date Koha item type Original Barcode
        Cummins College of Engineering for Women Pune Cummins College of Engineering for Women Pune 08/04/1999 Masurkar Enterprises PHY   530 CCEP-BK-10094 18/07/2023 16/09/2003 Books 010094